01346nam a2200337 a 4500001001000000003000500010005001700015008004100032010001100073011001100084040000900095090001000104100003300114245014700147260004100294500006000335502012400395590004100519590004000560590004000600590004000640650004100680650002600721650003500747856007000782901000700852942001000859942000600869999001900875952011400894000115846CHAP20220329144551.0190715s2019 mx a sm |||||||spa d a112307 a113279 cCHAP aTesis1 aCortez Marcos, Abel.913651310aEficiencia de atrayentes alimenticios para mosca de la fruta del mango, en San Luis La Loma, Guerrero /h[En línea]cpor Abel Cortez Marcos. aChapingo, Méx. :bEl autor,c2019. aPara ver el contenido del material haga clic en la liga aTesis (Ing. Agr. Fitotecnista)-- Colegio Superior Agropecuario del Estado de Guerrero. Centro de Estudios Profesionales aBATCH-UPDb05c20190717lUCH01h1031 aE8697GMMb05c20190715lUCH01h1435 aE8697GMMb05c20190715lUCH01h1441 aE8697GMMb05c20190717lUCH01h103014aControl de plagaszGuerrero.912733614aMangoxPlagas.97044314aTrampas para insectos.9114609 aFinding aiduhttp://10.13.5.2/tesis/sist115846.pdfzTeclea aquí aBK cTESIS n0 c112307d112307 00102local40718TESISaBCbBCd2019-07-15fTESISl0oTesisp115857-10r2019-12-31 00:00:00w2019-07-15yCD